[Event "AsianNationCup2018-OpenRapid"]
[Site "?"]
[Date "2018.07.27"]
[Round "3.8"]
[White "Tahbaz, Arash"]
[Black "Bai, Jinshi"]
[Result "0-1"]
[BlackElo "2443"]
[WhiteElo "2312"]
[LiveChessVersion "1.4.8"]

1. d4 {[%clk 0:15:11]} Nf6 {[%clk 0:15:19]} 2. Nf3 {[%clk 0:15:20]} d5
{[%clk 0:15:27]} 3. g3 {[%clk 0:14:39]} g6 {[%clk 0:15:35]} 4. Bg2
{[%clk 0:14:48]} Bg7 {[%clk 0:15:44]} 5. O-O {[%clk 0:14:50]} O-O
{[%clk 0:15:52]} 6. c4 {[%clk 0:14:59]} c6 {[%clk 0:15:50]} 7. cxd5
{[%clk 0:14:54]} cxd5 {[%clk 0:15:59]} 8. Ne5 {[%clk 0:15:03]} Ng4
{[%clk 0:16:07]} 9. Nxg4 {[%clk 0:14:58]} Bxg4 {[%clk 0:16:15]} 10. Nc3
{[%clk 0:15:04]} Nc6 {[%clk 0:16:19]} 11. h3 {[%clk 0:15:13]} Be6
{[%clk 0:15:30]} 12. e4 {[%clk 0:11:17]} Nxd4 {[%clk 0:15:13]} 13. exd5
{[%clk 0:11:26]} Bd7 {[%clk 0:15:22]} 14. Re1 {[%clk 0:10:56]} Re8
{[%clk 0:15:31]} 15. Bf4 {[%clk 0:10:43]} Rc8 {[%clk 0:15:07]} 16. Kh2
{[%clk 0:08:13]} Qb6 {[%clk 0:14:24]} 17. Qd2 {[%clk 0:08:21]} e5
{[%clk 0:14:31]} 18. dxe6 {[%clk 0:08:23]} Bxe6 {[%clk 0:14:21]} 19. Be5
{[%clk 0:06:42]} Rcd8 {[%clk 0:13:54]} 20. Qc1 {[%clk 0:05:44]} Nf3+
{[%clk 0:11:07]} 21. Bxf3 {[%clk 0:05:51]} Qxf2+ {[%clk 0:11:15]} 22. Bg2
{[%clk 0:06:01]} Rd2 {[%clk 0:11:24]} 23. Rg1 {[%clk 0:06:10]} Bd5
{[%clk 0:11:33]} 24. Nxd5 {[%clk 0:04:45]} Bxe5 {[%clk 0:11:40]} 25. Nf4
{[%clk 0:04:44]} Bxf4 {[%clk 0:10:07]} 26. gxf4 {[%clk 0:04:51]} Re3
{[%clk 0:10:14]} 27. Qc8+ {[%clk 0:04:18]} Kg7 {[%clk 0:10:23]} 28. Raf1
{[%clk 0:03:26]} Qg3+ {[%clk 0:10:25]} 29. Kh1 {[%clk 0:03:35]} h5
{[%clk 0:10:25]} 30. Rd1 {[%clk 0:03:15]} Rf2 {[%clk 0:07:19]} 31. Rd8
{[%clk 0:02:14]} Qxf4 {[%clk 0:07:28]} 32. Rg8+ {[%clk 0:02:01]} Kf6
{[%clk 0:07:36]} 33. Qd8+ {[%clk 0:02:03]} Kf5 {[%clk 0:07:45]} 34. Qd5+
{[%clk 0:00:51]} Kf6 {[%clk 0:07:54]} 35. Qd8+ {[%clk 0:01:00]} Kf5
{[%clk 0:08:02]} 36. Qd5+ {[%clk 0:01:08]} Kf6 {[%clk 0:08:11]} 37. Qd8+
{[%clk 0:00:43]} Kf5 {[%clk 0:08:19]} 38. Qd7+ {[%clk 0:00:28]} Kg5
{[%clk 0:07:37]} 39. Qd8+ {[%clk 0:00:37]} f6 {[%clk 0:06:49]} 40. Rxg6+
{[%clk 0:00:42]} Kh4 {[%clk 0:06:58]} 41. Qd7 {[%clk 0:00:20]} Rxg2
{[%clk 0:06:44]} 42. R1xg2 {[%clk 0:00:14]} Rxh3+ {[%clk 0:07:02]} 43. Kg1
{[%clk 0:00:32]} Qc1+ {[%clk 0:07:08]} 44. Kf2 {[%clk 0:00:34]} Qe3+
{[%clk 0:07:17]} 0-1

[Event "AsianNationCup2018-OpenRapid"]
[Site "?"]
[Date "2018.07.27"]
[Round "3.9"]
[White "Nguyen, Ngoc Truong Son"]
[Black "Maghsoodloo, Parham"]
[Result "0-1"]
[BlackElo "2393"]
[WhiteElo "2666"]
[LiveChessVersion "1.4.8"]

1. e4 {[%clk 0:15:17]} c5 {[%clk 0:15:15]} 2. Nf3 {[%clk 0:15:25]} Nc6
{[%clk 0:15:23]} 3. Bb5 {[%clk 0:15:31]} e6 {[%clk 0:15:32]} 4. O-O
{[%clk 0:15:13]} Nge7 {[%clk 0:15:41]} 5. d4 {[%clk 0:15:13]} cxd4
{[%clk 0:15:46]} 6. Nxd4 {[%clk 0:15:21]} a6 {[%clk 0:15:19]} 7. Nxc6
{[%clk 0:15:11]} bxc6 {[%clk 0:14:41]} 8. Bd3 {[%clk 0:15:18]} Ng6
{[%clk 0:14:45]} 9. c4 {[%clk 0:14:01]} Bc5 {[%clk 0:14:51]} 10. Nc3
{[%clk 0:13:56]} O-O {[%clk 0:14:49]} 11. Re1 {[%clk 0:11:40]} e5
{[%clk 0:14:56]} 12. Be3 {[%clk 0:11:32]} Bxe3 {[%clk 0:14:57]} 13. Rxe3
{[%clk 0:11:40]} Nf4 {[%clk 0:14:46]} 14. c5 {[%clk 0:11:12]} d6 {[%clk 0:14:00]}
15. cxd6 {[%clk 0:10:52]} Qxd6 {[%clk 0:13:37]} 16. Bf1 {[%clk 0:10:36]} Qf6
{[%clk 0:12:23]} 17. Qa4 {[%clk 0:09:10]} Rb8 {[%clk 0:12:32]} 18. b3
{[%clk 0:08:57]} Rd8 {[%clk 0:12:37]} 19. Rd1 {[%clk 0:06:07]} Rd4
{[%clk 0:10:18]} 20. Qa5 {[%clk 0:05:28]} Bg4 {[%clk 0:10:27]} 21. f3
{[%clk 0:03:31]} Rbd8 {[%clk 0:09:00]} 22. fxg4 {[%clk 0:02:45]} Rxd1
{[%clk 0:09:08]} 23. Nxd1 {[%clk 0:02:53]} Rxd1 {[%clk 0:09:17]} 24. Re1
{[%clk 0:02:59]} Rd4 {[%clk 0:07:53]} 25. Bxa6 {[%clk 0:02:56]} h5
{[%clk 0:07:47]} 26. Bf1 {[%clk 0:02:15]} hxg4 {[%clk 0:07:37]} 27. Qc3
{[%clk 0:01:26]} Qd6 {[%clk 0:07:03]} 28. a4 {[%clk 0:01:29]} Nd3
{[%clk 0:06:05]} 29. Ra1 {[%clk 0:01:14]} Nc5 {[%clk 0:05:20]} 30. a5
{[%clk 0:01:15]} Nxe4 {[%clk 0:05:28]} 31. Qe3 {[%clk 0:01:22]} f5
{[%clk 0:05:38]} 32. a6 {[%clk 0:01:08]} f4 {[%clk 0:05:47]} 33. Qc1
{[%clk 0:01:13]} Kh7 {[%clk 0:05:10]} 34. a7 {[%clk 0:01:13]} Rd1
{[%clk 0:05:18]} 0-1

[Event "AsianNationCup2018-OpenRapid"]
[Site "?"]
[Date "2018.07.27"]
[Round "3.10"]
[White "Tabatabaei, M.Amin"]
[Black "Tran, Tuan Minh"]
[Result "1-0"]
[BlackElo "2512"]
[WhiteElo "2306"]
[LiveChessVersion "1.4.8"]

1. e4 {[%clk 0:15:18]} c5 {[%clk 0:15:17]} 2. Nf3 {[%clk 0:15:27]} d6
{[%clk 0:15:25]} 3. Bb5+ {[%clk 0:15:32]} Bd7 {[%clk 0:15:32]} 4. Bxd7+ Qxd7
{[%clk 0:15:41]} 5. c4 {[%clk 0:15:44]} Nc6 {[%clk 0:15:38]} 6. d4
{[%clk 0:15:46]} cxd4 {[%clk 0:15:38]} 7. Nxd4 {[%clk 0:15:54]} Rc8
{[%clk 0:15:11]} 8. O-O {[%clk 0:15:36]} a6 {[%clk 0:15:14]} 9. b3
{[%clk 0:14:56]} Nf6 {[%clk 0:15:11]} 10. Nc3 {[%clk 0:15:01]} e6
{[%clk 0:13:09]} 11. Bb2 {[%clk 0:13:33]} Be7 {[%clk 0:13:17]} 12. Qd3
{[%clk 0:13:42]} O-O {[%clk 0:13:23]} 13. Rad1 {[%clk 0:13:52]} Rfd8
{[%clk 0:11:23]} 14. Qg3 {[%clk 0:13:08]} Nxd4 {[%clk 0:10:55]} 15. Rxd4
{[%clk 0:13:16]} e5 {[%clk 0:11:04]} 16. Rd2 {[%clk 0:08:13]} b5 {[%clk 0:11:10]}
17. Qd3 {[%clk 0:07:38]} bxc4 18. bxc4 {[%clk 0:07:47]} Qc6 {[%clk 0:07:34]} 19.
Nd5 {[%clk 0:07:56]} Nxd5 {[%clk 0:07:42]} 20. cxd5 {[%clk 0:08:05]} Qc4
{[%clk 0:07:36]} 21. g3 {[%clk 0:05:48]} Qxd3 {[%clk 0:06:17]} 22. Rxd3
{[%clk 0:05:56]} Rc2 {[%clk 0:06:23]} 23. Rb3 {[%clk 0:05:52]} Rdc8
{[%clk 0:06:27]} 24. Kg2 {[%clk 0:05:20]} g6 {[%clk 0:05:04]} 25. Re1
{[%clk 0:05:02]} Rd2 {[%clk 0:02:52]} 26. Rc1 {[%clk 0:02:44]} Rxc1 27. Bxc1
{[%clk 0:02:53]} Rxa2 {[%clk 0:03:09]} 28. Rb7 {[%clk 0:02:19]} Bf8
{[%clk 0:02:02]} 29. Rb8 {[%clk 0:02:09]} Kg7 {[%clk 0:02:06]} 30. Bh6+
{[%clk 0:02:18]} Kxh6 {[%clk 0:01:58]} 31. Rxf8 {[%clk 0:02:27]} f5
{[%clk 0:00:47]} 32. exf5 {[%clk 0:02:31]} e4 {[%clk 0:00:55]} 33. f6
{[%clk 0:00:41]} e3 {[%clk 0:00:57]} 34. Kf3 {[%clk 0:00:50]} exf2
{[%clk 0:00:15]} 35. Kg2 {[%clk 0:00:59]} Kg5 {[%clk 0:00:15]} 36. h4+
{[%clk 0:01:02]} Kf5 {[%clk 0:00:19]} 37. g4+ {[%clk 0:01:01]} Kxg4
{[%clk 0:00:12]} 38. Re8 {[%clk 0:00:44]} Ra4 {[%clk 0:00:13]} 39. Re2
{[%clk 0:00:52]} Rb4 {[%clk 0:00:12]} 40. f7 {[%clk 0:00:54]} Rb8
{[%clk 0:00:11]} 41. Re8 {[%clk 0:01:00]} 1-0

[Event "AsianNationCup2018-OpenRapid"]
[Site "?"]
[Date "2018.07.27"]
[Round "3.11"]
[White "Nguyen, Anh Khoi"]
[Black "Firouzja, Alireza"]
[Result "1-0"]
[BlackElo "2367"]
[WhiteElo "2122"]
[LiveChessVersion "1.4.8"]

1. d4 {[%clk 0:15:19]} Nf6 {[%clk 0:15:19]} 2. c4 {[%clk 0:15:28]} g6
{[%clk 0:15:26]} 3. Nc3 {[%clk 0:15:36]} Bg7 {[%clk 0:15:34]} 4. e4
{[%clk 0:15:45]} d6 {[%clk 0:15:43]} 5. Nge2 {[%clk 0:15:48]} O-O
{[%clk 0:15:40]} 6. f3 {[%clk 0:15:54]} b6 {[%clk 0:15:23]} 7. Be3
{[%clk 0:15:48]} c5 {[%clk 0:15:30]} 8. Qd2 {[%clk 0:15:10]} Ba6 {[%clk 0:15:01]}
9. b3 {[%clk 0:14:54]} e6 {[%clk 0:15:03]} 10. Rd1 {[%clk 0:13:22]} Nc6
{[%clk 0:15:09]} 11. g3 {[%clk 0:11:32]} d5 {[%clk 0:14:15]} 12. cxd5
{[%clk 0:09:21]} exd5 {[%clk 0:09:25]} 13. e5 {[%clk 0:08:27]} Ne8
{[%clk 0:07:19]} 14. f4 {[%clk 0:07:38]} Nb4 {[%clk 0:07:05]} 15. Nc1
{[%clk 0:07:22]} Bxf1 {[%clk 0:07:08]} 16. Kxf1 {[%clk 0:06:21]} cxd4
{[%clk 0:07:10]} 17. Bxd4 {[%clk 0:06:14]} Nc7 {[%clk 0:07:18]} 18. Kg2
{[%clk 0:06:12]} Qd7 {[%clk 0:06:51]} 19. N1e2 {[%clk 0:05:34]} Rad8
{[%clk 0:06:26]} 20. Rhe1 {[%clk 0:05:10]} Nc6 {[%clk 0:06:30]} 21. Bf2
{[%clk 0:04:49]} f6 {[%clk 0:05:13]} 22. exf6 Bxf6 {[%clk 0:05:22]} 23. Nd4
{[%clk 0:04:22]} Bxd4 {[%clk 0:04:59]} 24. Bxd4 {[%clk 0:04:31]} Ne6
{[%clk 0:04:53]} 25. Bf2 {[%clk 0:03:59]} d4 {[%clk 0:04:49]} 26. Qe2
{[%clk 0:02:56]} Rfe8 {[%clk 0:03:16]} 27. Ne4 {[%clk 0:02:53]} Qf7
{[%clk 0:03:08]} 28. Qf3 {[%clk 0:02:38]} Nb4 {[%clk 0:02:43]} 29. Rd2
{[%clk 0:02:10]} Qf5 {[%clk 0:02:31]} 30. Kg1 {[%clk 0:01:33]} Rf8
{[%clk 0:01:49]} 31. Red1 {[%clk 0:01:14]} Nc6 {[%clk 0:01:50]} 32. Qg2
{[%clk 0:01:00]} Qd5 {[%clk 0:01:45]} 33. h4 {[%clk 0:00:48]} Kg7
{[%clk 0:01:48]} 34. Ng5 {[%clk 0:00:49]} Nxg5 {[%clk 0:00:48]} 35. hxg5
{[%clk 0:00:49]} Qd6 {[%clk 0:00:57]} 36. Rc1 {[%clk 0:00:36]} Rc8
{[%clk 0:00:51]} 37. Rc4 {[%clk 0:00:40]} Rfd8 {[%clk 0:00:28]} 38. Bxd4+
{[%clk 0:00:28]} Nxd4 {[%clk 0:00:18]} 39. Rdxd4 {[%clk 0:00:19]} Qxd4+
{[%clk 0:00:22]} 40. Rxd4 {[%clk 0:00:29]} Rc1+ {[%clk 0:00:30]} 41. Kh2
{[%clk 0:00:38]} Rxd4 {[%clk 0:00:39]} 42. Qb7+ {[%clk 0:00:48]} Kf8
{[%clk 0:00:40]} 43. Qb8+ {[%clk 0:00:44]} Kf7 {[%clk 0:00:25]} 44. Qxa7+
{[%clk 0:00:46]} Ke8 {[%clk 0:00:21]} 45. Qxb6 {[%clk 0:00:35]} Rd2+
{[%clk 0:00:30]} 46. Kh3 {[%clk 0:00:44]} Rcc2 {[%clk 0:00:38]} 47. a4
{[%clk 0:00:35]} Rh2+ {[%clk 0:00:14]} 48. Kg4 {[%clk 0:00:44]} Rhg2
{[%clk 0:00:20]} 49. a5 {[%clk 0:00:26]} Ra2 {[%clk 0:00:18]} 50. a6
{[%clk 0:00:21]} Ra1 {[%clk 0:00:25]} 51. Qb8+ {[%clk 0:00:27]} 1-0

[Event "AsianNationCup2018-OpenRapid"]
[Site "?"]
[Date "2018.07.27"]
[Round "3.12"]
[White "Mosadeghpour, Masoud"]
[Black "Nguyen, Duc Hoa"]
[Result "1-0"]
[BlackElo "2490"]
[WhiteElo "2375"]
[LiveChessVersion "1.4.8"]

1. e4 {[%clk 0:15:19]} c5 {[%clk 0:15:13]} 2. Nf3 {[%clk 0:15:27]} e6
{[%clk 0:15:04]} 3. d4 {[%clk 0:15:36]} cxd4 4. Nxd4 {[%clk 0:15:44]} Nc6
{[%clk 0:15:21]} 5. Nc3 {[%clk 0:15:44]} Qc7 {[%clk 0:15:28]} 6. Be3
{[%clk 0:15:35]} a6 {[%clk 0:15:36]} 7. Be2 {[%clk 0:15:28]} Nf6 {[%clk 0:15:31]}
8. O-O {[%clk 0:15:23]} Be7 {[%clk 0:15:35]} 9. f4 {[%clk 0:15:15]} d6
{[%clk 0:15:43]} 10. Qe1 {[%clk 0:15:13]} O-O {[%clk 0:15:42]} 11. Qg3
{[%clk 0:15:14]} Nxd4 {[%clk 0:15:24]} 12. Bxd4 {[%clk 0:15:22]} b5
{[%clk 0:15:31]} 13. a3 {[%clk 0:15:31]} Bb7 {[%clk 0:15:35]} 14. Rae1
{[%clk 0:14:59]} Rad8 {[%clk 0:15:11]} 15. Kh1 {[%clk 0:14:24]} Bc6
{[%clk 0:15:11]} 16. Bd3 {[%clk 0:14:07]} Qb7 {[%clk 0:13:35]} 17. Qh3
{[%clk 0:13:35]} h6 {[%clk 0:10:42]} 18. Re3 {[%clk 0:09:29]} Kh8
{[%clk 0:07:23]} 19. e5 {[%clk 0:08:20]} dxe5 {[%clk 0:07:11]} 20. Bxe5
{[%clk 0:08:28]} Ng8 {[%clk 0:06:04]} 21. Ne4 {[%clk 0:06:04]} f6
{[%clk 0:03:43]} 22. Bc3 {[%clk 0:05:54]} e5 {[%clk 0:03:07]} 23. fxe5
{[%clk 0:04:33]} fxe5 {[%clk 0:03:06]} 24. Rfe1 {[%clk 0:03:44]} Rf4
{[%clk 0:01:42]} 25. Bxe5 {[%clk 0:02:40]} Rxe4 {[%clk 0:00:29]} 26. Bxe4
{[%clk 0:02:39]} Bxe4 {[%clk 0:00:38]} 27. Qg4 {[%clk 0:02:40]} Nf6
{[%clk 0:00:17]} 28. Bxf6 {[%clk 0:02:44]} Bxf6 {[%clk 0:00:15]} 29. Rxe4
{[%clk 0:02:43]} Qc6 {[%clk 0:00:17]} 30. Qg6 {[%clk 0:02:42]} 1-0

[Event "AsianNationCup2018-OpenRapid"]
[Site "?"]
[Date "2018.07.27"]
[Round "3.13"]
[White "Ghaem Maghami, Ehsan"]
[Black "Jumabayev, Rinat"]
[Result "0-1"]
[BlackElo "2606"]
[WhiteElo "2524"]
[LiveChessVersion "1.4.8"]

1. c4 {[%clk 0:15:18]} e5 {[%clk 0:15:19]} 2. Nc3 {[%clk 0:15:26]} Nf6
{[%clk 0:15:27]} 3. g3 {[%clk 0:15:31]} d5 4. cxd5 {[%clk 0:15:40]} Nxd5
{[%clk 0:15:45]} 5. Bg2 {[%clk 0:15:48]} Nb6 {[%clk 0:15:54]} 6. Nf3
{[%clk 0:15:54]} Nc6 {[%clk 0:16:02]} 7. O-O {[%clk 0:16:00]} Be7
{[%clk 0:16:11]} 8. a3 {[%clk 0:16:02]} a5 {[%clk 0:16:19]} 9. d3
{[%clk 0:16:10]} O-O {[%clk 0:16:27]} 10. Be3 {[%clk 0:16:15]} Be6
{[%clk 0:16:32]} 11. Rc1 {[%clk 0:16:10]} a4 {[%clk 0:16:30]} 12. Bxb6
{[%clk 0:16:03]} cxb6 {[%clk 0:16:38]} 13. Nxa4 {[%clk 0:13:40]} e4
{[%clk 0:16:46]} 14. Ne1 {[%clk 0:13:49]} Bg5 {[%clk 0:14:38]} 15. e3
{[%clk 0:11:49]} exd3 {[%clk 0:14:39]} 16. Nf3 {[%clk 0:10:48]} Bf6
{[%clk 0:14:39]} 17. Nc3 {[%clk 0:10:47]} Qd7 {[%clk 0:13:42]} 18. Nd2
{[%clk 0:10:16]} Rfd8 {[%clk 0:13:50]} 19. f4 {[%clk 0:09:52]} g6
{[%clk 0:12:39]} 20. Rf2 {[%clk 0:08:00]} Bg7 {[%clk 0:12:33]} 21. Rf1
{[%clk 0:07:16]} Rac8 {[%clk 0:10:47]} 22. Qa4 {[%clk 0:06:29]} Na5
{[%clk 0:08:40]} 23. Qxd7 {[%clk 0:06:30]} Rxd7 {[%clk 0:08:48]} 24. Rfd1
{[%clk 0:05:22]} Bb3 {[%clk 0:07:48]} 25. Nxb3 {[%clk 0:04:02]} Nxb3
{[%clk 0:07:56]} 26. Rb1 {[%clk 0:04:12]} Bxc3 {[%clk 0:08:00]} 27. bxc3
{[%clk 0:04:18]} Rxc3 {[%clk 0:08:09]} 28. Bf3 {[%clk 0:03:02]} Kg7
{[%clk 0:08:05]} 29. Rb2 {[%clk 0:03:03]} f5 {[%clk 0:07:55]} 30. Rdb1
{[%clk 0:02:47]} Nc5 {[%clk 0:07:45]} 31. Kf1 {[%clk 0:01:15]} Na4
{[%clk 0:06:12]} 32. Rb3 {[%clk 0:01:24]} Rdc7 {[%clk 0:06:21]} 33. Bd1
{[%clk 0:01:17]} Rxb3 34. Rxb3 {[%clk 0:01:26]} Nc5 {[%clk 0:05:28]} 35. Rxb6
{[%clk 0:01:19]} Ne4 {[%clk 0:05:37]} 36. Ke1 {[%clk 0:00:35]} Kf8
{[%clk 0:03:39]} 37. Rb3 {[%clk 0:00:38]} Rd7 {[%clk 0:03:38]} 38. a4
{[%clk 0:00:23]} Ke7 {[%clk 0:03:46]} 39. a5 {[%clk 0:00:27]} Kd8
{[%clk 0:03:54]} 40. Ra3 {[%clk 0:00:17]} Kc7 {[%clk 0:03:42]} 41. a6
{[%clk 0:00:25]} bxa6 {[%clk 0:03:51]} 42. Rxa6 {[%clk 0:00:34]} d2+
{[%clk 0:03:55]} 43. Kf1 {[%clk 0:00:42]} Nc3 {[%clk 0:03:53]} 44. Ra1
{[%clk 0:00:49]} Kb6 {[%clk 0:03:56]} 45. h3 {[%clk 0:00:21]} Kc5
{[%clk 0:04:00]} 46. g4 {[%clk 0:00:25]} Kb4 {[%clk 0:03:57]} 47. Kf2
{[%clk 0:00:18]} Nxd1+ {[%clk 0:03:51]} 48. Rxd1 {[%clk 0:00:26]} Kc3
{[%clk 0:04:00]} 49. Ke2 {[%clk 0:00:18]} Kc2 {[%clk 0:04:08]} 50. e4
{[%clk 0:00:11]} fxe4 {[%clk 0:04:09]} 51. f5 {[%clk 0:00:19]} g5
{[%clk 0:03:51]} 52. f6 {[%clk 0:00:26]} e3 {[%clk 0:04:00]} 53. f7
{[%clk 0:00:13]} Rxf7 {[%clk 0:04:04]} 54. Ra1 {[%clk 0:00:23]} Rd7
{[%clk 0:03:59]} 0-1

[Event "AsianNationCup2018-OpenRapid"]
[Site "?"]
[Date "2018.07.27"]
[Round "3.14"]
[White "Ismagambetov, Anuar"]
[Black "Darini, Pouria"]
[Result "1/2-1/2"]
[BlackElo "2568"]
[WhiteElo "2454"]
[LiveChessVersion "1.4.8"]

1. e4 {[%clk 0:15:18]} c5 {[%clk 0:15:18]} 2. Nf3 {[%clk 0:15:25]} d6
{[%clk 0:15:28]} 3. d4 {[%clk 0:15:32]} cxd4 {[%clk 0:15:36]} 4. Nxd4
{[%clk 0:15:40]} Nf6 {[%clk 0:15:45]} 5. Nc3 a6 6. Bg5 e6 7. f4 h6 8. Bh4
{[%clk 0:15:58]} Qb6 {[%clk 0:16:20]} 9. a3 {[%clk 0:16:03]} Be7 {[%clk 0:16:24]}
10. Bf2 Qc7 11. Qf3 {[%clk 0:16:08]} Nbd7 12. O-O-O b5 {[%clk 0:16:40]} 13. g4
{[%clk 0:16:16]} Bb7 {[%clk 0:16:40]} 14. h4 {[%clk 0:15:45]} h5 {[%clk 0:16:40]}
15. gxh5 {[%clk 0:14:58]} Rxh5 {[%clk 0:14:36]} 16. Kb1 {[%clk 0:14:55]} g6
{[%clk 0:14:08]} 17. Bg2 {[%clk 0:12:37]} Nb6 {[%clk 0:12:01]} 18. Qg3
{[%clk 0:12:03]} Nc4 {[%clk 0:10:35]} 19. Nxe6 {[%clk 0:09:15]} fxe6
{[%clk 0:09:31]} 20. Qxg6+ {[%clk 0:09:23]} Kd7 {[%clk 0:08:56]} 21. Bh3
{[%clk 0:08:13]} Nxa3+ {[%clk 0:07:44]} 22. Kc1 {[%clk 0:05:38]} Bxe4
{[%clk 0:03:58]} 23. Qf7 {[%clk 0:04:58]} Bf5 {[%clk 0:03:01]} 24. Bxf5
{[%clk 0:04:46]} Rxf5 {[%clk 0:03:09]} 25. Rhe1 {[%clk 0:04:52]} Ne4
{[%clk 0:02:59]} 26. Qg6 {[%clk 0:05:01]} Raf8 {[%clk 0:01:21]} 27. Rxe4
{[%clk 0:04:59]} R8f6 {[%clk 0:01:31]} 28. Qg4 {[%clk 0:04:27]} d5
{[%clk 0:00:58]} 29. Red4 {[%clk 0:01:12]} Kc8 {[%clk 0:00:16]} 30. Qe2
{[%clk 0:00:53]} Nc4 {[%clk 0:00:13]} 31. Bg3 {[%clk 0:00:44]} Bc5 32. R4d3 Bd6
{[%clk 0:00:16]} 33. Kb1 {[%clk 0:00:58]} Bxf4 {[%clk 0:00:22]} 34. Bxf4 Rxf4 35.
h5 {[%clk 0:00:58]} b4 {[%clk 0:00:34]} 36. Na2 {[%clk 0:00:52]} Rf2
{[%clk 0:00:40]} 37. Qg4 {[%clk 0:00:46]} Na3+ 38. Ka1 Nxc2+ {[%clk 0:00:37]} 39.
Kb1 {[%clk 0:01:06]} Na3+ 40. Ka1 Nc2+ 41. Kb1 Na3+ 42. Ka1 Nc4 {[%clk 0:00:39]}
43. Rxd5 {[%clk 0:01:16]} Rf1 {[%clk 0:00:24]} 44. Rd8+ {[%clk 0:00:23]} Qxd8
{[%clk 0:00:13]} 45. Qxc4+ {[%clk 0:00:32]} Qc7 {[%clk 0:00:23]} 46. Qxa6+
{[%clk 0:00:40]} Qb7 {[%clk 0:00:32]} 47. Qc4+ Qc7 48. Qa6+ {[%clk 0:00:58]} Qb7
{[%clk 0:00:48]} 49. Qc4+ {[%clk 0:01:07]} 1/2-1/2

[Event "AsianNationCup2018-OpenRapid"]
[Site "?"]
[Date "2018.07.27"]
[Round "3.15"]
[White "Pourramezanali, Amirreza"]
[Black "Kazhgaleyev, Murtas"]
[Result "0-1"]
[BlackElo "2457"]
[WhiteElo "2430"]
[LiveChessVersion "1.4.8"]

1. e4 {[%clk 0:15:19]} e5 {[%clk 0:15:17]} 2. Nf3 {[%clk 0:15:28]} d6
{[%clk 0:15:25]} 3. d4 {[%clk 0:15:16]} exd4 4. Nxd4 {[%clk 0:15:25]} Nf6
{[%clk 0:15:42]} 5. Nc3 {[%clk 0:15:34]} Be7 {[%clk 0:15:50]} 6. Bf4
{[%clk 0:15:19]} O-O {[%clk 0:15:57]} 7. Qd2 {[%clk 0:15:27]} c6 {[%clk 0:16:05]}
8. O-O-O {[%clk 0:14:01]} b5 {[%clk 0:16:11]} 9. f3 {[%clk 0:13:01]} b4
{[%clk 0:15:59]} 10. Nce2 {[%clk 0:13:00]} c5 {[%clk 0:16:04]} 11. Nf5
{[%clk 0:13:04]} Bxf5 {[%clk 0:16:12]} 12. exf5 {[%clk 0:13:14]} Nc6
{[%clk 0:16:21]} 13. g4 {[%clk 0:12:44]} Qa5 {[%clk 0:16:24]} 14. Kb1
{[%clk 0:12:45]} c4 {[%clk 0:16:29]} 15. Nd4 Nxd4 16. Qxd4 {[%clk 0:11:18]} d5
{[%clk 0:14:39]} 17. Be5 {[%clk 0:07:54]} Rfe8 {[%clk 0:12:56]} 18. Bg2
{[%clk 0:04:38]} Bc5 {[%clk 0:09:01]} 19. Qf4 Rxe5 {[%clk 0:08:37]} 20. Qxe5
{[%clk 0:04:50]} Re8 {[%clk 0:08:44]} 21. Qf4 {[%clk 0:04:17]} Be3
{[%clk 0:08:29]} 22. Qd6 {[%clk 0:04:21]} d4 {[%clk 0:06:14]} 23. Rhe1
{[%clk 0:04:06]} Rc8 {[%clk 0:05:22]} 24. Bf1 {[%clk 0:02:26]} h6
{[%clk 0:04:35]} 25. Qe7 {[%clk 0:01:21]} c3 {[%clk 0:04:02]} 26. Qb7
{[%clk 0:01:29]} Rd8 {[%clk 0:03:24]} 27. Bc4 {[%clk 0:01:13]} Rd7
{[%clk 0:02:44]} 28. Qc8+ {[%clk 0:01:17]} Rd8 {[%clk 0:02:47]} 29. Qb7
{[%clk 0:00:49]} Rd7 {[%clk 0:02:53]} 30. Qc8+ {[%clk 0:00:57]} Rd8
{[%clk 0:03:02]} 31. Qb7 {[%clk 0:00:37]} Rd7 {[%clk 0:03:11]} 32. Qb5
{[%clk 0:00:24]} Qc7 {[%clk 0:02:55]} 33. Qxb4 {[%clk 0:00:27]} a5
{[%clk 0:02:12]} 34. Qa4 {[%clk 0:00:22]} cxb2 {[%clk 0:01:59]} 35. Bb3
{[%clk 0:00:27]} Rd8 {[%clk 0:01:54]} 36. Qc4 {[%clk 0:00:33]} Qxc4
{[%clk 0:01:13]} 37. Bxc4 {[%clk 0:00:43]} Rc8 {[%clk 0:01:21]} 38. Bb3
{[%clk 0:00:29]} a4 {[%clk 0:01:31]} 39. Bxa4 {[%clk 0:00:39]} Nd5
{[%clk 0:01:40]} 40. Kxb2 {[%clk 0:00:34]} Nc3 {[%clk 0:01:48]} 41. Bb3
{[%clk 0:00:43]} Nxd1+ {[%clk 0:01:49]} 42. Rxd1 {[%clk 0:00:52]} Bf4
{[%clk 0:01:58]} 43. Kb1 {[%clk 0:00:47]} Be5 {[%clk 0:01:53]} 44. f4
{[%clk 0:00:38]} Bxf4 {[%clk 0:02:00]} 45. Rxd4 {[%clk 0:00:48]} Bxh2
{[%clk 0:02:04]} 46. Rd7 {[%clk 0:00:57]} Rb8 {[%clk 0:02:08]} 47. a4
{[%clk 0:01:01]} Be5 {[%clk 0:02:03]} 48. Ka2 {[%clk 0:01:09]} Rb4
{[%clk 0:01:41]} 49. Rd8+ {[%clk 0:00:54]} Kh7 {[%clk 0:01:50]} 50. Bxf7
{[%clk 0:01:03]} Rxa4+ {[%clk 0:01:59]} 51. Kb3 {[%clk 0:01:09]} Rxg4
{[%clk 0:02:07]} 52. Bg6+ {[%clk 0:00:48]} Rxg6 {[%clk 0:02:16]} 53. fxg6+ Kxg6
{[%clk 0:02:25]} 54. c4 {[%clk 0:01:07]} h5 {[%clk 0:02:33]} 55. c5
{[%clk 0:01:11]} h4 {[%clk 0:02:40]} 56. Rh8 {[%clk 0:00:27]} Kg5
{[%clk 0:02:42]} 57. Kc4 {[%clk 0:00:29]} Kg4 {[%clk 0:02:38]} 58. Kd3
{[%clk 0:00:15]} h3 {[%clk 0:01:43]} 59. Ke2 {[%clk 0:00:18]} g5 {[%clk 0:01:40]}
60. Rh7 {[%clk 0:00:25]} Kg3 {[%clk 0:01:35]} 61. Kf1 {[%clk 0:00:29]} h2
{[%clk 0:01:32]} 62. c6 {[%clk 0:00:35]} g4 {[%clk 0:01:37]} 63. Rh5
{[%clk 0:00:44]} Bf4 {[%clk 0:01:32]} 64. Rh7 {[%clk 0:00:27]} Kf3
{[%clk 0:01:36]} 65. Rh4 {[%clk 0:00:35]} g3 {[%clk 0:01:24]} 66. Rxf4+
{[%clk 0:00:42]} Kxf4 {[%clk 0:01:29]} 67. Kg2 {[%clk 0:00:52]} Ke3
{[%clk 0:01:31]} 0-1